000 01205nam a2200229 a 4500
001 BRCA_8872
005 20190320210437.0
008 140617s1776----sp-#######---#000-0#spa-#
041 _aspa
044 _asp
084 _aBE256
_b.C84 1776
100 1 _aCuesta, Leonardo Antonio de la
_922048
245 1 0 _aEstado sagrado chronologico, genealógico, y universal del mundo
_bdesde su creación, hasta los presentes siglos, en que dará noticia de los Patriarcas, Profetas, Pontifices, Emperadores, Reyes, Escritores, y otras personas ilustres, con los Concilios, Cismas, Anti-Papas, Heresiarcas, persecuciones de la Iglesia, y varios acaecimientos curiosos en que pueda divertirse todo genero de personas: tomo III
_csu autor D. Leonardo Antonio de la Cuesta, residente en esta Corte.
260 _aMadrid
_bEn la imprenta de D. Manuel Martin
_c1776
300 _a382 p. (t.3)
_c16 x 10.3 cm.
500 _aCon las licencias necesarias
500 _aEstado físico: presenta encuadernación en pergamino deteriorado, con hojas semi desprendidas
650 1 4 _aIglesia católica
_xHistoria
_yObras anteriores a 1800
_921972
700 1 _aManuel Martin
_eImpresor
_922092
902 _aCFM
942 _2lcc
_cB
999 _c8523
_d8523